80s Bands - Statistics

General Stats
  • This quiz has been taken 149 times
    120 since last reset
  • The average score is 11 of 15
Answer Stats
Hint Answer % Correct
Billie Jean Michael Jackson
96%
Dont stop believin Journey
93%
Livin on a prayer Bon Jovi
89%
Like a virgin Madonna
87%
Sweet dreams are made of this Eurythmics
82%
Everybody wants to rule the world Tears for Fears
75%
Pour some sugar on me Def leppard
72%
Down under Men at work
69%
Total eclipse of the heart Bonnie Tyler
68%
Karma chameleon Culture Club
68%
Hungry like a wolf Duran Duran
66%
When doves cry Prince
65%
Tainted love Soft Cell
57%
Love shack B-52s
53%
I cant go for that Hall and Oates
41%
No matching quizzes found
Score Distribution
Percent of People with Each Score
Percentile by Number Answered
Your Score History
You have not taken this quiz since the last reset